[Event "II. CLANSKA LIGA ZAHOD 2019"]
[Site "Komenda"]
[Date "2019.11.16"]
[Round "2.3"]
[White "Borstar, Dusan"]
[Black "Pucelj, Joze"]
[Result "0-1"]
[WhiteElo "1746"]
[BlackElo "2079"]
[PlyCount "48"]
[EventDate "2019.11.16"]
[WhiteTeam "SD DOMZALE TAJFUN 2"]
[BlackTeam "SK DOLENJSKE TOPLICE"]

1. e4 g6 2. d4 Bg7 3. Nf3 d6 4. h3 Nf6 5. Bd3 Nc6 6. c3 O-O 7. Be3 e5 8. d5 Ne7
9. Qc2 c6 10. c4 Ne8 11. Nc3 f5 12. Nh2 fxe4 13. Bxe4 Nf6 14. f3 cxd5 15. cxd5
Nf5 16. Bf2 Bd7 17. g4 Nd4 18. Qd3 Nxe4 19. fxe4 Qb6 20. b3 Rf4 21. O-O Raf8
22. Kg2 Rxf2+ 23. Rxf2 Rxf2+ 24. Kxf2 Nc2+ 0-1

[Event "II. CLANSKA LIGA ZAHOD 2019"]
[Site "Komenda"]
[Date "2019.11.16"]
[Round "2.4"]
[White "Janko, Roman"]
[Black "Bizjak, Janez"]
[Result "1-0"]
[WhiteElo "1859"]
[BlackElo "1798"]
[PlyCount "57"]
[EventDate "2019.11.16"]
[WhiteTeam "SK DOLENJSKE TOPLICE"]
[BlackTeam "SD DOMZALE TAJFUN 2"]

1. e4 g6 2. d4 Bg7 3. c3 e6 4. Be3 Ne7 5. Qd2 O-O 6. Nf3 f6 7. Bh6 b6 8. Bd3 d6
9. O-O e5 10. Na3 Kh8 11. h3 Ng8 12. Bxg7+ Kxg7 13. Rfe1 Ba6 14. Rad1 Bxd3 15.
Qxd3 Nd7 16. Qc4 a6 17. Nc2 b5 18. Qb3 Qe7 19. Nb4 Nb8 20. a4 Qf7 21. Qxf7+
Rxf7 22. dxe5 fxe5 23. Ng5 Rd7 24. Nd5 Ra7 25. Ra1 Rb7 26. axb5 axb5 27. Ra8
Nf6 28. Ne6+ Kh6 29. Nxf6 1-0

[Event "II. CLANSKA LIGA ZAHOD 2019"]
[Site "Komenda"]
[Date "2019.11.16"]
[Round "2.5"]
[White "Kosanovic, Aleksander"]
[Black "Turkovic, Igor"]
[Result "0-1"]
[WhiteElo "1287"]
[BlackElo "1789"]
[PlyCount "64"]
[EventDate "2019.11.16"]
[WhiteTeam "SD DOMZALE TAJFUN 2"]
[BlackTeam "SK DOLENJSKE TOPLICE"]

1. e4 c5 2. Nf3 Nc6 3. d4 cxd4 4. Nxd4 g6 5. Be3 Bg7 6. c3 Nf6 7. Bd3 d6 8. h3
Bd7 9. Nd2 a6 10. N2f3 O-O 11. Qd2 Rc8 12. Nxc6 Bxc6 13. Qc2 b5 14. b4 Qc7 15.
Rc1 Qb7 16. Nd2 d5 17. e5 Nd7 18. f4 Nb6 19. Bd4 Nc4 20. Nxc4 dxc4 21. O-O cxd3
22. Qxd3 Bd5 23. Rf2 Bc4 24. Qe3 Qc6 25. g4 f6 26. Bc5 fxe5 27. Bxe7 Rxf4 28.
Rxf4 exf4 29. Qxf4 Re8 30. Bc5 Bxa2 31. Rc2 Bc4 32. h4 Re1+ 0-1

[Event "II. CLANSKA LIGA ZAHOD 2019"]
[Site "Komenda"]
[Date "2019.11.16"]
[Round "2.6"]
[White "Voglar, Peter"]
[Black "Turek, Bor Lucijan"]
[Result "1-0"]
[WhiteElo "2046"]
[BlackElo "1786"]
[PlyCount "61"]
[EventDate "2019.11.16"]
[WhiteTeam "SK DOLENJSKE TOPLICE"]
[BlackTeam "SD DOMZALE TAJFUN 2"]

1. c4 e5 2. d3 Nf6 3. Nc3 Nc6 4. Bg5 Be7 5. g3 O-O 6. Bg2 Bb4 7. Rc1 h6 8. Bxf6
Qxf6 9. e3 d6 10. h3 Ne7 11. Nge2 c6 12. O-O Bxc3 13. Nxc3 Bf5 14. Kh2 Qg6 15.
e4 Be6 16. f4 f5 17. Qe2 Rad8 18. b3 Kh8 19. Rce1 Rf7 20. fxe5 dxe5 21. exf5
Bxf5 22. Qxe5 Rxd3 23. g4 Be6 24. Qxe6 Rxf1 25. Bxf1 Rxc3 26. Qxe7 Rc2+ 27. Bg2
Rxa2 28. Kh1 Rxg2 29. Kxg2 Qc2+ 30. Re2 Qxb3 31. Qe8+ 1-0

[Event "II. CLANSKA LIGA ZAHOD 2019"]
[Site "Komenda"]
[Date "2019.11.16"]
[Round "2.1"]
[White "Sajn, Simon"]
[Black "Rodman, Franc"]
[Result "1/2-1/2"]
[WhiteElo "2090"]
[BlackElo "2052"]
[PlyCount "113"]
[EventDate "2019.11.16"]
[WhiteTeam "SK RIMEX ILIRSKA BISTRICA"]
[BlackTeam "SD SIJ ACRONI JESENICE"]

1. d4 Nf6 2. c4 c5 3. d5 b5 4. cxb5 e6 5. Nc3 exd5 6. Nxd5 Bb7 7. Nxf6+ Qxf6 8.
Nf3 Be7 9. Qc2 Qg6 10. Qxg6 hxg6 11. Bd2 d5 12. e3 Bf6 13. O-O-O O-O 14. Be2 a6
15. bxa6 Bxa6 16. Bxa6 Rxa6 17. Kb1 Nc6 18. Bc1 Rfa8 19. a3 Rb6 20. Rxd5 Rab8
21. Rd2 Na5 22. Rc2 Nb3 23. Rd1 Nxc1 24. Kxc1 Rxb2 25. Rxb2 Bxb2+ 26. Kc2 Bxa3
27. Rb1 Bb4 28. Ne5 Ra8 29. Nd3 Ra2+ 30. Rb2 Ra1 31. Nxb4 cxb4 32. Kb3 Rh1 33.
h3 f5 34. Kxb4 Rg1 35. g3 g5 36. Kc5 Rd1 37. Kc4 Kf7 38. Kc3 Ke6 39. Rb6+ Kf7
40. Rb4 g6 41. h4 gxh4 42. Rxh4 Kf6 43. Rd4 Ra1 44. Rd2 Ra3+ 45. Kd4 g5 46. f3
f4 47. gxf4 gxf4 48. exf4 Rxf3 49. Ke4 Ra3 50. Rd6+ Ke7 51. Rb6 Ra5 52. Kf3 Rc5
53. Kg4 Kf7 54. f5 Rc1 55. Kf4 Rf1+ 56. Ke5 Re1+ 57. Kf4 1/2-1/2

[Event "II. CLANSKA LIGA ZAHOD 2019"]
[Site "Komenda"]
[Date "2019.11.16"]
[Round "2.2"]
[White "Jeraj, Zlatko"]
[Black "Lakovic, Igor"]
[Result "1/2-1/2"]
[WhiteElo "2032"]
[BlackElo "1988"]
[PlyCount "97"]
[EventDate "2019.11.16"]
[WhiteTeam "SD SIJ ACRONI JESENICE"]
[BlackTeam "SK RIMEX ILIRSKA BISTRICA"]

1. d4 e6 2. Nf3 Nf6 3. c4 b6 4. g3 Ba6 5. b3 Bb4+ 6. Bd2 Be7 7. Nc3 c6 8. Bg2
d5 9. cxd5 cxd5 10. O-O O-O 11. Rc1 Nbd7 12. Re1 Rc8 13. Rc2 Bd6 14. Qb1 Qe7
15. a4 Bb7 16. Nb5 Bb8 17. Rec1 Rxc2 18. Rxc2 a6 19. Nc3 Bd6 20. Bc1 Rc8 21.
Na2 Rxc2 22. Qxc2 Ne4 23. Nd2 Nxd2 24. Bxd2 Nf6 25. f3 Qc7 26. Qxc7 Bxc7 27.
Kf2 Kf8 28. Bb4+ Ke8 29. e3 a5 30. Ba3 Kd7 31. Bf1 Bc6 32. Nc3 Bb8 33. Bd3 g6
34. h3 h5 35. g4 hxg4 36. hxg4 Bc7 37. g5 Ne8 38. f4 Nd6 39. Kf3 Bb8 40. Bb2
Ba7 41. Ba3 Bb8 42. Bb2 Bb7 43. Ba3 Bc7 44. Bb2 Bd8 45. Bc1 Bc6 46. Bb2 Be7 47.
Ba1 Ne8 48. Bb2 Nc7 49. Ke2 1/2-1/2

[Event "II. CLANSKA LIGA ZAHOD 2019"]
[Site "Komenda"]
[Date "2019.11.16"]
[Round "2.3"]
[White "Ursic, Aleksander"]
[Black "Pazlar, Marko"]
[Result "0-1"]
[WhiteElo "1900"]
[BlackElo "2028"]
[PlyCount "132"]
[EventDate "2019.11.16"]
[WhiteTeam "SK RIMEX ILIRSKA BISTRICA"]
[BlackTeam "SD SIJ ACRONI JESENICE"]

1. d4 e6 2. c4 f5 3. Nc3 Bb4 4. Nf3 Nf6 5. a3 Bxc3+ 6. bxc3 O-O 7. e3 b6 8. Be2
Bb7 9. O-O Ne4 10. Qc2 d6 11. Nd2 Nxd2 12. Bxd2 Nd7 13. f3 e5 14. e4 f4 15. g3
g5 16. Kg2 Qf6 17. Rh1 g4 18. gxf4 exf4 19. Raf1 Qg6 20. Rfg1 Kh8 21. Kf2 Nf6
22. Bd3 Qh5 23. Bxf4 gxf3 24. h3 Qh4+ 25. Bg3 Nxe4+ 26. Bxe4 Qxe4 27. Qxe4 Bxe4
28. c5 bxc5 29. dxc5 Rab8 30. cxd6 Rb2+ 31. Ke3 Re2+ 32. Kd4 cxd6 33. Rf1 Rf6
34. Rh2 Re6 35. Rff2 Bc6 36. Rh1 R6e4+ 37. Kd3 Bb5+ 38. c4 Bxc4+ 39. Kc3 R2e3+
40. Kb2 Rb3+ 41. Kc2 Rxa3 42. Rd1 Bb3+ 43. Kb2 Bxd1 44. Kxa3 Rd4 45. Kb2 Be2
46. Kc3 Rd5 47. Rh2 Kg7 48. Bf2 a6 49. Rh1 Kf6 50. Rg1 Rh5 51. h4 Rd5 52. Rg8
Ke6 53. Rh8 h5 54. Rf8 Rf5 55. Rg8 Kd5 56. Rg7 Bb5 57. Rg6 a5 58. Rg8 a4 59.
Rg7 Be8 60. Rg8 Bf7 61. Ra8 Rf4 62. Ra5+ Ke6 63. Ra6 Kd7 64. Kd2 Re4 65. Kd3
Re2 66. Bd4 Bg6+ 0-1

[Event "II. CLANSKA LIGA ZAHOD 2019"]
[Site "Komenda"]
[Date "2019.11.16"]
[Round "2.4"]
[White "Pavlin, Ivan"]
[Black "Rolih, Miran"]
[Result "1-0"]
[WhiteElo "1858"]
[BlackElo "1880"]
[PlyCount "90"]
[EventDate "2019.11.16"]
[WhiteTeam "SD SIJ ACRONI JESENICE"]
[BlackTeam "SK RIMEX ILIRSKA BISTRICA"]

1. d4 Nf6 2. c4 c5 3. Nf3 g6 4. Nc3 cxd4 5. Nxd4 Bg7 6. e3 O-O 7. Be2 d6 8. O-O
Nbd7 9. Qc2 h5 10. b3 a6 11. Bb2 Ne5 12. Rad1 Neg4 13. h3 Nh6 14. e4 Qa5 15. a3
g5 16. b4 Qb6 17. Nf5 Bxf5 18. exf5 g4 19. Nd5 Nxd5 20. Bxg7 Kxg7 21. Rxd5 f6
22. h4 Nf7 23. Kh2 Ne5 24. Qe4 Rac8 25. Rd4 Qc6 26. f3 Qxe4 27. Rxe4 Rc7 28.
fxg4 hxg4 29. Bxg4 Rxc4 30. Rxc4 Nxc4 31. Rc1 b5 32. Bf3 Rb8 33. Rc3 Rh8 34. g3
Rb8 35. Kh3 Rb6 36. Bd5 Kf8 37. g4 Rb8 38. g5 fxg5 39. hxg5 Nb6 40. Be6 d5 41.
Kg4 d4 42. Rd3 Rd8 43. Kf4 Nc4 44. Ke4 Nd6+ 45. Kd5 Rc8 1-0

[Event "II. CLANSKA LIGA ZAHOD 2019"]
[Site "Komenda"]
[Date "2019.11.16"]
[Round "2.5"]
[White "Delost, Josko"]
[Black "Ravnik, Franc"]
[Result "0-1"]
[WhiteElo "1673"]
[BlackElo "1871"]
[PlyCount "74"]
[EventDate "2019.11.16"]
[WhiteTeam "SK RIMEX ILIRSKA BISTRICA"]
[BlackTeam "SD SIJ ACRONI JESENICE"]

1. e4 e5 2. Nf3 Nc6 3. Bb5 a6 4. Ba4 Nf6 5. O-O d6 6. Bxc6+ bxc6 7. d3 Be7 8.
h3 O-O 9. Re1 c5 10. c4 h6 11. Nc3 c6 12. Ne2 Nh5 13. g4 Nf6 14. Ng3 Nh7 15.
Nf5 Bf6 16. Kg2 Be6 17. Ng3 Qd7 18. Qc2 Rfe8 19. Bd2 a5 20. Bc3 Nf8 21. Nh5 Be7
22. Qd2 Ng6 23. Bxa5 Bxg4 24. Ng3 Nf4+ 25. Kh2 Bxf3 26. Nf5 Kh7 27. Qe3 Bh5 28.
Bd2 Bg6 29. Nxe7 Qxe7 30. Qg3 Qg5 31. Bxf4 exf4 32. Qxg5 hxg5 33. a3 Reb8 34.
Re2 Bh5 35. Rd2 Bf3 36. h4 Kg6 37. hxg5 Rh8+ 0-1

[Event "II. CLANSKA LIGA ZAHOD 2019"]
[Site "Komenda"]
[Date "2019.11.16"]
[Round "2.6"]
[White "Kljucanin, Fahrudin"]
[Black "Smolej, Ziga"]
[Result "1/2-1/2"]
[WhiteElo "1960"]
[BlackElo "1632"]
[PlyCount "111"]
[EventDate "2019.11.16"]
[WhiteTeam "SD SIJ ACRONI JESENICE"]
[BlackTeam "SK RIMEX ILIRSKA BISTRICA"]

1. d4 Nf6 2. c4 e6 3. a3 d5 4. Nc3 Be7 5. h3 c6 6. c5 a5 7. Bf4 O-O 8. e3 Nfd7
9. Nf3 Re8 10. Be2 Bf6 11. Bd6 e5 12. b4 exd4 13. Nxd4 axb4 14. axb4 Rxa1 15.
Qxa1 Be5 16. Bxe5 Nxe5 17. O-O Qg5 18. Kh1 Qh6 19. Kh2 Bg4 20. Bxg4 Nxg4+ 21.
Kh1 Na6 22. Qa5 Nxf2+ 23. Rxf2 Qxe3 24. Re2 Qc1+ 25. Kh2 Qf4+ 26. g3 Rxe2+ 27.
Ncxe2 Qf2+ 28. Kh1 h6 29. Qb6 Qe1+ 30. Kg2 Nxb4 31. Qxb7 g6 32. Qb8+ Kh7 33.
Qf4 Kg7 34. Qf2 Qd2 35. Nf4 Qc3 36. Nfe6+ fxe6 37. Nxe6+ Kg8 38. Qf8+ Kh7 39.
Qf7+ Kh8 40. h4 Qc2+ 41. Kg1 Qb1+ 42. Kh2 Qc2+ 43. Kh3 Qf5+ 44. Qxf5 gxf5 45.
Nd4 Nd3 46. Nxc6 Nxc5 47. Ne7 d4 48. Nxf5 d3 49. Ne3 Kg7 50. Kg2 Kg6 51. g4 Kf6
52. Kf3 Ke5 53. Nd1 d2 54. Ke3 Nb3 55. Nf2 Nc5 56. Kxd2 1/2-1/2

[Event "II. CLANSKA LIGA ZAHOD 2019"]
[Site "Komenda"]
[Date "2019.11.16"]
[Round "3.1"]
[White "Rodman, Franc"]
[Black "Buha, Drago"]
[Result "1/2-1/2"]
[WhiteElo "2052"]
[BlackElo "1949"]
[PlyCount "109"]
[EventDate "2019.11.16"]
[WhiteTeam "SD SIJ ACRONI JESENICE"]
[BlackTeam "SD RADOVLJICA"]

1. Nf3 d5 2. g3 Nc6 3. Bg2 e5 4. O-O Nf6 5. d3 h6 6. b3 Bd6 7. Bb2 O-O 8. c4 d4
9. Nbd2 Bg4 10. h3 Be6 11. a3 a5 12. Qc2 Qe7 13. Rfe1 Qd7 14. Kh2 b6 15. e3 Bc5
16. exd4 exd4 17. Ne4 Nxe4 18. Rxe4 Rad8 19. Re2 Bf5 20. Rae1 Rfe8 21. Nh4 Bh7
22. Be4 Bxe4 23. Rxe4 Rxe4 24. Rxe4 Re8 25. Qe2 Re7 26. Nf3 Rxe4 27. Qxe4 Qe6
28. Qxe6 fxe6 29. Nd2 Ne5 30. b4 axb4 31. axb4 Bxb4 32. Bxd4 Nxd3 33. Ne4 Ne1
34. Be3 Kf7 35. Kg1 e5 36. Kf1 Nf3 37. h4 Ke6 38. Ke2 Nd4+ 39. Kd3 Nf5 40. Bc1
Nd6 41. g4 Nxe4 42. Kxe4 Bc3 43. h5 c6 44. g5 hxg5 45. Bxg5 b5 46. cxb5 cxb5
47. f4 exf4 48. Bxf4 b4 49. h6 gxh6 50. Bxh6 b3 51. Kd3 Bf6 52. Bc1 Kd5 53. Ba3
Bd4 54. Kd2 Kc4 55. Kc1 1/2-1/2

[Event "II. CLANSKA LIGA ZAHOD 2019"]
[Site "Komenda"]
[Date "2019.11.16"]
[Round "3.2"]
[White "Pretnar, Bostjan"]
[Black "Jeraj, Zlatko"]
[Result "1/2-1/2"]
[WhiteElo "1768"]
[BlackElo "2032"]
[PlyCount "61"]
[EventDate "2019.11.16"]
[WhiteTeam "SD RADOVLJICA"]
[BlackTeam "SD SIJ ACRONI JESENICE"]

1. d4 d5 2. Bf4 Nf6 3. e3 c5 4. Nd2 Nc6 5. c3 a6 6. Bd3 e6 7. h3 h6 8. Ngf3 Bd6
9. dxc5 Bxc5 10. e4 Qb6 11. O-O dxe4 12. Bxe4 O-O 13. Nc4 Qd8 14. Bc2 Qxd1 15.
Raxd1 Nd5 16. Bd6 Bxd6 17. Nxd6 Rd8 18. Nxc8 Raxc8 19. Rd2 Nde7 20. Rfd1 Rxd2
21. Rxd2 Rd8 22. Kf1 Rxd2 23. Nxd2 Kf8 24. Ke2 Ke8 25. Nc4 Nc8 26. Be4 Nd8 27.
Na5 Nd6 28. Bd3 Kd7 29. Ke3 Kc7 30. Nb3 Nc6 31. Nd2 1/2-1/2

[Event "II. CLANSKA LIGA ZAHOD 2019"]
[Site "Komenda"]
[Date "2019.11.16"]
[Round "3.3"]
[White "Pazlar, Marko"]
[Black "Simnic, Franci"]
[Result "1-0"]
[WhiteElo "2028"]
[BlackElo "1664"]
[PlyCount "41"]
[EventDate "2019.11.16"]
[WhiteTeam "SD SIJ ACRONI JESENICE"]
[BlackTeam "SD RADOVLJICA"]

1. Nf3 d5 2. d4 Nf6 3. g3 Bg4 4. Bg2 Nbd7 5. c4 dxc4 6. Na3 e6 7. Nxc4 Bb4+ 8.
Bd2 Qe7 9. Nfe5 c6 10. O-O O-O 11. Nxg4 Nxg4 12. Bf4 g5 13. e4 h5 14. Bc1 Kg7
15. h3 b5 16. a3 bxc4 17. axb4 Nh6 18. Qxh5 f6 19. e5 Nf7 20. Bxc6 Rh8 21. Qf3
1-0

[Event "II. CLANSKA LIGA ZAHOD 2019"]
[Site "Komenda"]
[Date "2019.11.16"]
[Round "3.4"]
[White "Krivec, Metod"]
[Black "Pavlin, Ivan"]
[Result "1/2-1/2"]
[WhiteElo "1759"]
[BlackElo "1858"]
[PlyCount "159"]
[EventDate "2019.11.16"]
[WhiteTeam "SD RADOVLJICA"]
[BlackTeam "SD SIJ ACRONI JESENICE"]

1. d4 d5 2. c4 e6 3. Nc3 Nf6 4. e3 b6 5. cxd5 exd5 6. Nf3 Be7 7. Qc2 O-O 8. Bd3
c5 9. O-O Nc6 10. a3 c4 11. Be2 Na5 12. Nd2 g6 13. b3 Bf5 14. Qa2 cxb3 15. Nxb3
Nc4 16. Nd2 Nxd2 17. Qxd2 Ne4 18. Nxe4 Bxe4 19. Bd3 Bxd3 20. Qxd3 Rc8 21. Bb2
Qd7 22. Qb3 b5 23. Bc3 Rc4 24. Bb4 a6 25. Ba5 Rfc8 26. Qd3 Bd8 27. Bd2 Be7 28.
Rfb1 R8c7 29. h3 Qc8 30. Ra2 Bd6 31. Kf1 Rc2 32. Raa1 R7c4 33. Rb3 Bf8 34. Rbb1
Qc7 35. Kg1 Bd6 36. Kf1 f5 37. f4 Ra4 38. Rb3 Rcc4 39. Rab1 Qe7 40. Bc1 Rc6 41.
g3 Kg7 42. Kf2 Rac4 43. Bd2 Rc2 44. Ra1 R2c4 45. Ra2 h5 46. h4 Kf6 47. Ke2 Qe4
48. Qxe4 fxe4 49. Rbb2 Kf5 50. Kf2 Kg4 51. Kg2 Ra4 52. Bb4 Bxb4 53. axb4 Rc4
54. Rxa4 bxa4 55. Rf2 Rxb4 56. f5 g5 57. f6 Rb8 58. f7 Rf8 59. hxg5 Kxg5 60.
Ra2 Rxf7 61. Rxa4 Ra7 62. Ra5 Kg4 63. Rxd5 Rb7 64. Re5 Rb2+ 65. Kf1 Kf3 66.
Rf5+ Kxe3 67. d5 Rb5 68. Rxh5 Kf3 69. Rf5+ Ke3 70. g4 Kd4 71. d6 Rb8 72. d7 Rd8
73. Rf7 Ke5 74. g5 Ke6 75. g6 a5 76. Ke2 a4 77. Ke3 a3 78. Kxe4 a2 79. Rf1 Rxd7
80. Ra1 1/2-1/2

[Event "II. CLANSKA LIGA ZAHOD 2019"]
[Site "Komenda"]
[Date "2019.11.16"]
[Round "3.5"]
[White "Ravnik, Franc"]
[Black "Kocevar, Tugomir"]
[Result "0-1"]
[WhiteElo "1871"]
[BlackElo "1814"]
[PlyCount "116"]
[EventDate "2019.11.16"]
[WhiteTeam "SD SIJ ACRONI JESENICE"]
[BlackTeam "SD RADOVLJICA"]

1. e4 d5 2. exd5 Qxd5 3. Nc3 Qa5 4. Nf3 Nf6 5. Bc4 Bg4 6. O-O e6 7. h3 Bh5 8.
d4 c6 9. Re1 Bb4 10. a3 O-O 11. Bd2 Bxc3 12. Bxc3 Qc7 13. g4 Bg6 14. Ne5 Nfd7
15. Nf3 b5 16. Bb3 Nb6 17. Bd2 Nd5 18. Qc1 Nd7 19. c4 bxc4 20. Bxc4 Rfe8 21.
Ne5 Nxe5 22. Rxe5 Qd6 23. Bxd5 cxd5 24. Qc5 Qd8 25. Re3 Qd7 26. Qc1 Rec8 27.
Bc3 Qd6 28. Re1 h5 29. Qe3 hxg4 30. hxg4 Be4 31. Qh3 Qf4 32. Re3 g6 33. Kf1 Kg7
34. Ke2 Rh8 35. Qg3 g5 36. Bd2 Rh4 37. Rc3 Qxg4+ 38. Qxg4 Rxg4 39. Rg3 Rxg3 40.
fxg3 Rc8 41. Rc1 Rxc1 42. Bxc1 g4 43. Bf4 Bc2 44. Kd2 Bb3 45. Kc3 Bc4 46. b3
Bf1 47. Kb4 Kf6 48. Kc5 Kf5 49. b4 a6 50. a4 f6 51. b5 axb5 52. axb5 e5 53. b6
Ba6 54. dxe5 fxe5 55. Bd2 Ke4 56. Kc6 d4 57. b7 Bxb7+ 58. Kxb7 Kd3 0-1

[Event "II. CLANSKA LIGA ZAHOD 2019"]
[Site "Komenda"]
[Date "2019.11.16"]
[Round "3.6"]
[White "Torkar, Boris"]
[Black "Kljucanin, Fahrudin"]
[Result "1-0"]
[WhiteElo "1777"]
[BlackElo "1960"]
[PlyCount "71"]
[EventDate "2019.11.16"]
[WhiteTeam "SD RADOVLJICA"]
[BlackTeam "SD SIJ ACRONI JESENICE"]

1. d4 Nf6 2. c4 e6 3. Nc3 Bb4 4. Bd2 O-O 5. a3 Bxc3 6. Bxc3 Ne4 7. Bb4 d6 8. e3
a5 9. Bd2 c5 10. Nf3 Nc6 11. Bd3 Nxd2 12. Qxd2 b6 13. O-O Bb7 14. Qc2 g6 15.
Rad1 Qf6 16. Be4 Rab8 17. dxc5 dxc5 18. Rd7 Ba8 19. Rfd1 Ne5 20. Nxe5 Qxe5 21.
Bxa8 Rxa8 22. Qb3 Rab8 23. R7d6 b5 24. cxb5 a4 25. Qxa4 Qxb2 26. b6 Ra8 27. Qc6
Qxa3 28. b7 Ra7 29. Rd7 Qa6 30. Rc7 Kg7 31. h3 c4 32. g3 h5 33. Rdd7 Qa1+ 34.
Kg2 Qa2 35. Qxc4 Rd8 36. Rxf7+ 1-0

[Event "II. CLANSKA LIGA ZAHOD 2019"]
[Site "Komenda"]
[Date "2019.11.16"]
[Round "3.1"]
[White "Luzar, Emil"]
[Black "Sajn, Simon"]
[Result "0-1"]
[WhiteElo "2115"]
[BlackElo "2090"]
[PlyCount "78"]
[EventDate "2019.11.16"]
[WhiteTeam "SK DOLENJSKE TOPLICE"]
[BlackTeam "SK RIMEX ILIRSKA BISTRICA"]

1. e4 c5 2. Nc3 e6 3. f4 d5 4. Nf3 dxe4 5. Nxe4 Nf6 6. Bb5+ Bd7 7. Bxd7+ Nbxd7
8. d3 Be7 9. O-O O-O 10. Qe2 Qc7 11. Bd2 Nd5 12. Ne5 Nxe5 13. c4 Nc6 14. cxd5
exd5 15. Ng3 Nd4 16. Qh5 f5 17. Bc3 g6 18. Qh6 Bf6 19. Rae1 Qg7 20. Qxg7+ Kxg7
21. Kf2 Rfe8 22. a3 b5 23. Ne2 Ne6 24. Bxf6+ Kxf6 25. g3 c4 26. d4 a5 27. Nc3
Nc7 28. Re5 Rxe5 29. fxe5+ Ke7 30. Ke3 b4 31. Na4 Rb8 32. Nc5 bxa3 33. bxa3 Rb2
34. a4 Ne6 35. Rd1 Rb4 36. Re1 Nxc5 37. dxc5 c3 38. Rc1 Rc4 39. Kd3 Ke6 0-1

[Event "II. CLANSKA LIGA ZAHOD 2019"]
[Site "Komenda"]
[Date "2019.11.16"]
[Round "3.2"]
[White "Lakovic, Igor"]
[Black "Stubljar, Andrej"]
[Result "1/2-1/2"]
[WhiteElo "1988"]
[BlackElo "2004"]
[PlyCount "103"]
[EventDate "2019.11.16"]
[WhiteTeam "SK RIMEX ILIRSKA BISTRICA"]
[BlackTeam "SK DOLENJSKE TOPLICE"]

1. Nf3 Nf6 2. c4 b6 3. d4 Bb7 4. Nc3 e6 5. a3 Be7 6. d5 exd5 7. cxd5 b5 8. e4
b4 9. axb4 Bxb4 10. Bd3 c6 11. dxc6 Nxc6 12. O-O O-O 13. Qb3 a5 14. Bg5 h6 15.
Bf4 Ba6 16. Bxa6 Rxa6 17. Qc4 Qa8 18. Rad1 Rc8 19. Qd3 Bxc3 20. bxc3 Ne7 21.
Rfe1 d5 22. exd5 Nexd5 23. Be5 Rac6 24. Rc1 Rc4 25. Nd2 Rg4 26. Qf3 Rg6 27. c4
Nb4 28. Qxa8 Rxa8 29. Rc3 Re8 30. f3 Nd7 31. Bg3 Rxe1+ 32. Bxe1 f5 33. Kf1 Rd6
34. c5 Rd3 35. Rxd3 Nxd3 36. c6 Nb6 37. c7 Nxe1 38. Kxe1 a4 39. Kd1 Kf7 40. Kc2
Ke8 41. Nc4 Nc8 42. Kc3 Kd7 43. Kb4 Kxc7 44. Kxa4 Kc6 45. Kb4 Ne7 46. Kc3 Kd5
47. Kd3 g5 48. Ne3+ Ke5 49. g3 h5 50. Nc4+ Kd5 51. Ne3+ Ke5 52. Nc4+ 1/2-1/2

[Event "II. CLANSKA LIGA ZAHOD 2019"]
[Site "Komenda"]
[Date "2019.11.16"]
[Round "3.3"]
[White "Pucelj, Joze"]
[Black "Ursic, Aleksander"]
[Result "1-0"]
[WhiteElo "2079"]
[BlackElo "1900"]
[PlyCount "113"]
[EventDate "2019.11.16"]
[WhiteTeam "SK DOLENJSKE TOPLICE"]
[BlackTeam "SK RIMEX ILIRSKA BISTRICA"]

1. e4 c5 2. Nf3 d6 3. Bb5+ Nc6 4. O-O Bd7 5. Re1 a6 6. Bf1 g6 7. h3 Bg7 8. c3
e5 9. d3 Nge7 10. Be3 O-O 11. d4 exd4 12. cxd4 Qb6 13. Na3 Nxd4 14. Nxd4 cxd4
15. Nc4 Qa7 16. Bg5 Nc8 17. Bf4 Qb8 18. Qd2 b5 19. Na3 Re8 20. Nc2 Qb6 21. Rad1
Bc6 22. Qd3 Be5 23. Bh2 Qb7 24. f3 Nb6 25. b3 Rac8 26. Nxd4 Bd7 27. f4 Bg7 28.
Nf3 Bc6 29. e5 Bxf3 30. Qxf3 Qxf3 31. gxf3 d5 32. Re2 Re6 33. Kg2 Bf8 34. Bg1
Bc5 35. Bxc5 Rxc5 36. f5 gxf5 37. f4 b4 38. Red2 a5 39. Bd3 Rg6+ 40. Kh2 Rc3
41. Bxf5 Rgg3 42. Rg2 Rxg2+ 43. Kxg2 h6 44. Rd2 Kf8 45. Rc2 d4 46. Rd2 Nd5 47.
Kf2 Nxf4 48. Rxd4 Nxh3+ 49. Ke2 Ng5 50. Rd5 a4 51. bxa4 Ra3 52. Bc2 Rxa2 53.
Kd3 Ne6 54. Rb5 Rxc2 55. Rb8+ Kg7 56. Kxc2 Nc5 57. a5 1-0

[Event "II. CLANSKA LIGA ZAHOD 2019"]
[Site "Komenda"]
[Date "2019.11.16"]
[Round "3.4"]
[White "Rolih, Miran"]
[Black "Janko, Roman"]
[Result "1/2-1/2"]
[WhiteElo "1880"]
[BlackElo "1859"]
[PlyCount "60"]
[EventDate "2019.11.16"]
[WhiteTeam "SK RIMEX ILIRSKA BISTRICA"]
[BlackTeam "SK DOLENJSKE TOPLICE"]

1. e4 c5 2. Nf3 Nc6 3. d4 cxd4 4. Nxd4 e5 5. Nb3 Nf6 6. Nc3 Bb4 7. Bc4 h6 8.
O-O O-O 9. Qe2 a6 10. Nd5 b5 11. Bd3 d6 12. c3 Bc5 13. Nxf6+ Qxf6 14. Nxc5 dxc5
15. Be3 c4 16. Bc2 Be6 17. Rad1 Rfd8 18. f4 exf4 19. Bxf4 Ne5 20. Bg3 Qg5 21.
Bf4 Qf6 22. Rxd8+ Rxd8 23. Be3 Qe7 24. Bd4 Nd3 25. Bxd3 cxd3 26. Qxd3 Bc4 27.
Qg3 Rxd4 28. cxd4 Bxf1 29. Kxf1 Qxe4 30. Qc3 Qb1+ 1/2-1/2

[Event "II. CLANSKA LIGA ZAHOD 2019"]
[Site "Komenda"]
[Date "2019.11.16"]
[Round "3.5"]
[White "Turkovic, Igor"]
[Black "Delost, Josko"]
[Result "1/2-1/2"]
[WhiteElo "1789"]
[BlackElo "1673"]
[PlyCount "60"]
[EventDate "2019.11.16"]
[WhiteTeam "SK DOLENJSKE TOPLICE"]
[BlackTeam "SK RIMEX ILIRSKA BISTRICA"]

1. d4 d5 2. c4 c6 3. Nf3 Nf6 4. Bf4 e6 5. e3 Nbd7 6. Nc3 a6 7. Rc1 Be7 8. h3
O-O 9. a3 dxc4 10. Bxc4 b5 11. Bd3 c5 12. O-O cxd4 13. exd4 Bb7 14. Bb1 Re8 15.
Qe2 Nf8 16. Rfd1 Qb6 17. Ne4 Rac8 18. b4 Red8 19. Nc5 Bd5 20. Ne5 Ng6 21. Nxg6
hxg6 22. Rc3 Bc4 23. Qf3 Nd5 24. Rcc1 Nxf4 25. Qxf4 Bf6 26. Rd2 Bd5 27. Re1 a5
28. Bd3 axb4 29. axb4 Ra8 30. h4 Ra2 1/2-1/2

[Event "II. CLANSKA LIGA ZAHOD 2019"]
[Site "Komenda"]
[Date "2019.11.16"]
[Round "3.6"]
[White "Smolej, Ziga"]
[Black "Voglar, Peter"]
[Result "1/2-1/2"]
[WhiteElo "1632"]
[BlackElo "2046"]
[PlyCount "54"]
[EventDate "2019.11.16"]
[WhiteTeam "SK RIMEX ILIRSKA BISTRICA"]
[BlackTeam "SK DOLENJSKE TOPLICE"]

1. d4 Nf6 2. Bf4 d5 3. e3 c6 4. c3 g6 5. Bd3 Bg7 6. h3 O-O 7. Nd2 b6 8. Ngf3
Nbd7 9. O-O Bb7 10. e4 dxe4 11. Nxe4 c5 12. Nxf6+ Bxf6 13. dxc5 Nxc5 14. Be2
Qxd1 15. Raxd1 Rfd8 16. Bc7 Rxd1 17. Rxd1 Rc8 18. Bf4 Ne6 19. Be3 Rd8 20. Rxd8+
Nxd8 21. Nd4 Be5 22. a4 Bb8 23. Bg5 Kf8 24. Bh6+ Kg8 25. Bg5 Kf8 26. Bh6+ Kg8
27. Bg5 Kf8 1/2-1/2

[Event "II. CLANSKA LIGA ZAHOD 2019"]
[Site "Komenda"]
[Date "2019.11.16"]
[Round "3.1"]
[White "Siraj, Svit"]
[Black "Olenik Campa, Rudi"]
[Result "0-1"]
[WhiteElo "1724"]
[BlackElo "1997"]
[PlyCount "56"]
[EventDate "2019.11.16"]
[WhiteTeam "SD VRHNIKA"]
[BlackTeam "SD DOMZALE TAJFUN 2"]

1. d4 Nf6 2. Nf3 g6 3. Bf4 Bg7 4. h3 h5 5. e3 d6 6. c4 Nbd7 7. Nc3 O-O 8. Be2
Re8 9. O-O Nh7 10. Rc1 e6 11. Bh2 a6 12. b4 b6 13. Qb3 Bb7 14. c5 dxc5 15. bxc5
Ng5 16. cxb6 cxb6 17. Qd1 Rc8 18. Nxg5 Qxg5 19. Bf3 Bxf3 20. Qxf3 Qa5 21. Ne4
Rxc1 22. Rxc1 Qxa2 23. Nd6 Rf8 24. Qc6 Nf6 25. Qxb6 Nd5 26. Qc5 a5 27. Nc4 Nc3
28. Kf1 Ne4 0-1

[Event "II. CLANSKA LIGA ZAHOD 2019"]
[Site "Komenda"]
[Date "2019.11.16"]
[Round "3.2"]
[White "Osolin, Bogdan"]
[Black "Novak, Robert"]
[Result "1-0"]
[WhiteElo "1976"]
[BlackElo "1698"]
[PlyCount "69"]
[EventDate "2019.11.16"]
[WhiteTeam "SD DOMZALE TAJFUN 2"]
[BlackTeam "SD VRHNIKA"]

1. g4 e5 2. Bg2 d5 3. c4 Bxg4 4. cxd5 Nf6 5. Nc3 Bd6 6. d3 Nbd7 7. h3 Bh5 8.
Nf3 h6 9. Nh4 Nxd5 10. Nf5 Nxc3 11. bxc3 Qf6 12. Ng3 Bg6 13. Bxb7 Rb8 14. Bc6
Rb6 15. Qa4 Qe6 16. Be3 Rb2 17. Bxa7 Ke7 18. Qh4+ Nf6 19. Bg2 Rxa2 20. O-O Rd8
21. c4 Rxa1 22. Rxa1 Ke8 23. Be3 Be7 24. c5 Ne4 25. Nh5 Bxh5 26. Qxh5 Nxc5 27.
Rc1 Na6 28. Bc6+ Kf8 29. Bb5 Rc8 30. Rc6 Qd5 31. Bc4 Nb4 32. Qf5 Rd8 33. Rxc7
g6 34. Bxh6+ Ke8 35. Rxe7+ 1-0